000 01089nam0a22002651 4500
001 rc\636359
005 20031121164551.6
035 _a(NLR Aleph) 005878186
090 _a6050086
_c6050086
100 _a20031121d1986 u |0rusy50 ca
101 0 _arus
102 _aRU
105 _aa |||||||||
200 1 _aАлгоритмизация задач в АСУ НИИ и КБ
_eУчеб. пособие
_fИ.М. Бескровный, С.Т. Митин, А.А. Татарский
_gМ-во радиопромышленности СССР, Ин-т повышения квалификации руководящих работников и специалистов
210 _aМ.
_cБ. и.
_d1986
215 _a127 с.
_cил.
_d20
320 _aБиблиогр.: с. 127 (8 назв.)
700 1 _aБескровный
_bИ. М.
_gИван Михайлович
701 1 _aМитин
_bС. Т.
_gСергей Тихонович
701 1 _aТатарский
_bА. А.
801 0 _aRU
_bNLR
_gpsbo
801 1 _aRU
_bELAR
_2rusmarc
852 _aNLR
_j87-3/5203
942 _cBOOK
980 _aNB